000 00559nam a2200181Ia 4500
999 _c8594
_d8594
003 OSt
005 20201009124223.0
008 190216s9999||||xx |||||||||||||| ||und||
020 _a0074630598
040 _coclc
082 _a004.04
_bCRU/I
100 _aCrumlish, Christian
_95465
245 0 _aThe Internet For Busy People /
_cChristian Crumlish
260 _bTata Mcgrawhill Publishers,
_c1997.
_aNew Delhi:
300 _a275p
650 _a"Computer Programming. Programs, Data"
942 _cBK
_2ddc
_h004.04
_iCRU/I
_k004.04
_mCRU/I